01793nam a2200337uu 4500001000800000005001700008007001000025008004100035035001200076040001300088041000800101082000800109100005100117245013400168260004900302300001300351520052000364650002300884650002600907650002700933700004900960700004801009700004901057700005401106700005201160942001001212999001901222502001201241526000801253952019401261158008120260508094811.0co|||||||230127s2015 spa  a1580081 ccomduadb aspa 4a65810aRamírez G., John Alexander4auteaut980774310aOptimización de volúmenes de carga en camiones para pedidos en una empresa multicanal (retail y venta directa) - Leonisa S.A. aEl Carmen de Viboral :bAutores (as),c2015. a1 CD-ROM3 aRESUMEN : Este estudio propone una metofdología para optimizar el volumen de carga en camiones para pedidos en una empresa multicanal (retail y venta directa) Colombiana, con dimensiones definidas a los destinos finales de las ciudades de Santa Marta y Sincelejo compartiendo la carga entre los canales de venta directa y retail. A través del algoritmo matemático de búsqueda Greddy, y el uso del software Cube iq 5.0.1.58 se impactó prositivamente el costo de distribución de la carga de ambos canales. aContenedores95872 aOptimización934739 7aAlgoritmos2lemb9232510aSalazar A., Diego Fernando4auteaut981079710aGonzález H., Juan David4auteaut980774410aPérez M., Diego Fernando4auteaut981205510aÁlvarez Uribe, Karla Cristina4thseths961346210aVillada Oquendo, Juan Gabriel4thseths9707233 cTESIS c846957d846957 b193c17 a195 00102ddc40708DIGITALaCARMEbCARMEd2023-01-27eMaterial adquirido por donaciónfDONAg10000.00iC13330210l0o658.53 R177 CD-ROMp0993741r2025-01-21 00:00:00t1w2023-05-05yDIGITAL